| 000 | 01036nam a2200217Ia 4500 | ||
|---|---|---|---|
| 999 |
_c39800 _d39800 |
||
| 001 | 6405 | ||
| 003 | GE_BSU | ||
| 005 | 20190507124321.0 | ||
| 008 | 181216s1970||||ge |||||||||||||| ||geo|| | ||
| 040 | _cGE_BSU | ||
| 041 | _ageo | ||
| 080 | _a66(075.8) + 66.05 კ-65 | ||
| 100 |
_aკოდანაშვილი, ვ. _9865 |
||
| 245 |
_aქიმიური ტექნოლოგიის პროცესები და აპარატები : _bსახელმძღვ. _cვ. კოდანაშვილი ; რედ. ტ.ზოზრაშვილი. |
||
| 250 | _aმე-2 გადამუშ. და შევს. გამოც. | ||
| 264 |
_aთბილისი : _bგანათლება, _c1970. |
||
| 300 |
_a468 გვ. : _bილ. ; _c27 სმ. |
||
| 653 | _aქიმიური ტექნოლოგიის პროცესები და აპარატები | ||
| 700 |
_aზოზრაშვილი, ზ. _eრედაქტორი _9866 |
||
| 942 |
_cBK _2udc |
||